Los humedales altoandinos (Registro nro. 5695)
[ vista simple ]
| 000 -CABECERA | |
|---|---|
| Campo de control | 00769nam a2200205 a 4500 |
| 005 - FECHA Y HORA DE LA ULTIMA TRANSACCION | |
| Campo de control | 20151202033836.0 |
| 008 - ELEMENTOS DE LONGITUD FIJA—INFORMACION GENERAL | |
| Campo de control | 151202b ck ||||| |||| 00| 0 spa d |
| 040 ## - FUENTE DE CATALOGACIÓN | |
| Agencia catalogadora original | CO-BoIAVH |
| Agencia transcriptora | CO-BoIAVH |
| 041 0# - IDIOMA | |
| Código de idioma para texto/pista de sonido o título separado | Español |
| 044 ## - PAÍS DE PUBLICACIÓN | |
| País de publicación | Colombia |
| 082 04 - NUMERO DE CLASIFICACION DECIMAL DEWEY | |
| Número de clasificación | 333.95288 |
| Número del ítem | W97h |
| 110 2# - ASIENTO PRINCIPAL--NOMBRE CORPORATIVO | |
| Nombre corporativo o de jurisdicción como elemento de entrada | WWF Internacional |
| 9 (RLIN) | 2044 |
| 245 14 - MENCION DE TITULO | |
| Título | Los humedales altoandinos |
| Parte restante del título | ecosistemas estratégicos y frágiles que ofrecen servicios ambientales para el bienestar de millones de personas |
| 260 ## - PUBLICACION, DISTRIBUCION, ETC. (PIE DE IMPRENTA) | |
| Lugar de publicación, distribución, etc. | s.l. : |
| Nombre del editor, distribuidor, etc. | WWF : |
| -- | DFID : |
| -- | RAMSAR : |
| -- | UICN : |
| Fecha de publicación, distribución, etc. | 2000? |
| 300 ## - DESCRIPCION FISICA | |
| Extensión | 19 páginas : |
| Otros detalles físicos | tablas, ilustraciones, fotografías a color ; |
| Dimensiones | 22 x 22 cm. |
| 650 #4 - ASIENTO SECUNDARIO DE MATERIA - TERMINO TEMATICO | |
| Término temático o nombre geográfico como elemento de entrada | Humedales Altoandinos |
| 9 (RLIN) | 43721 |
| 650 #6 - ASIENTO SECUNDARIO DE MATERIA - TERMINO TEMATICO | |
| Término temático o nombre geográfico como elemento de entrada | Humedales |
| Subdivisión general | Ecosistemas |
| 9 (RLIN) | 43726 |
| 650 #6 - ASIENTO SECUNDARIO DE MATERIA - TERMINO TEMATICO | |
| Término temático o nombre geográfico como elemento de entrada | Humedales |
| Subdivisión general | Servicios ambientales |
| 9 (RLIN) | 43727 |
| 942 ## - ELEMENTOS ADICIONALES (KOHA) | |
| Tipo de ítem | Folleto |
| Sistema de clasificación | Dewey Decimal Classification |
| Withdrawn status | Lost status | Sistema de Clasificación | Damaged status | No para préstamo | Colección | Inventariado | Ubicación Permanente | Ubicación actual | Fecha de adquisición | Total Checkouts | Número topográfico | Inventario / Código de Barras | Date last seen | Ejemplar | Price effective from | Forma de adquisición | Tipo de material |
|---|---|---|---|---|---|---|---|---|---|---|---|---|---|---|---|---|---|
| Dewey Decimal Classification | General | Inventariado 2017 | Bogotá | Bogotá | 23/07/2007 | LB-333.95288 W97h | 024759 | 04/12/2012 | Ej.1 | 04/12/2012 | Folleto | ||||||
| Dewey Decimal Classification | General | Inventariado 2017 | Sala Fabio Quevedo | Sala Fabio Quevedo | 08/04/2014 | LB-333.95288 W97h | 034326 | 08/04/2014 | Ej. 2 | 08/04/2014 | Donación | Folleto |